| 000 | 00907nam a2200181 i 4500 | ||
|---|---|---|---|
| 001 | bg | ||
| 245 | 0 |
_aMateriały z Zimowej Szkoły w Zawoi na temat : "Zastosowanie ETO w badaniach rolniczych". = _bThe proceedings of the Winter Meeting in Zawoja entitled Application of computer technics in agricultural research. |
|
| 260 |
_aWarszawa : _bKomitet Techniki Rolniczej PAN, _c1992. |
||
| 300 |
_a270 s. : _brys., wykr. ; _c24 cm. |
||
| 490 | 1 |
_aZeszyty Problemowe Postępów Nauk Rolniczych / Polska Akademia Nauk. Wydział Nauk Rolniczych i Leśnych, _x0084-5477 ; _vz. 402 |
|
| 710 |
_aPolska Akademia Nauk _bWydział Nauk Rolniczych i Leśnych |
||
| 830 | 0 |
_aZeszyty Problemowe Postępów Nauk Rolniczych (Polska Akademia Nauk. Wydział Nauk Rolniczych i Leśnych) ; _vz. 402 |
|
| 040 | _cBPK | ||
| 041 | _apol | ||
| 080 | _a631:681.322](061.3) | ||
| 942 | _cKS | ||
| 008 | s pl f |000 0 pol | ||
| 999 |
_c5946 _d5946 |
||
| 856 |
_uhttp://koha.tu.koszalin.pl/cgi-bin/koha/opac-detail.pl?biblionumber=5946 _yKatalog online BPK |
||